Cuentos

Uloženo v:
Podrobná bibliografie
Hlavní autor: Figueroa, Fernando
Médium: Kniha
Jazyk:Undetermined
Vydáno: Argentina Aguilar 1983
Témata:
Tagy: Přidat tag
Žádné tagy, Buďte první, kdo vytvoří štítek k tomuto záznamu!

MARC

LEADER 00000nam a2200000Ia 4500
008 170316s9999 xx 000 0 und d
040 |a cru BVZT 
090 |a 860 F-3c 
100 |a Figueroa, Fernando 
245 |a Cuentos 
260 |a Argentina 
260 |b Aguilar 
260 |c 1983 
300 |a 50 páginas 
650 |a LITERATURA LATINOAMERICANA 
999 |c 8662  |d 8662 
942 |c 15 D  |h 860 F-3c  |2 z